BIBLIOTECA “JULIO CORTÁZAR”
ESCUELA AGROTÉCNICA “LIBERTADOR GENERAL SAN MARTÍN” - UNR – CASILDA

Logo Escuela Logo UNR

Acordes cotidianos / (Record no. 2397)

MARC details
000 -LEADER
campo de control de longitud fija 00530nam#a22002175a#4500
001 - NÚMERO DE CONTROL
campo de control 2397
020 ## - NÚMERO INTERNACIONAL ESTÁNDAR DEL LIBRO
Número Internacional Estándar del Libro 9789876122498
080 ## - NÚMERO DE LA CLASIFICACIÓN DECIMAL UNIVERSAL
Número de la Clasificación Decimal Universal 82-1775
084 ## - OTRO NÚMERO DE CLASIFICACIÓN
Número de clasificación B38
035 ## - NÚMERO DE CONTROL DEL SISTEMA
Número de control de sistema GE
008 - DATOS DE LONGITUD FIJA--INFORMACIÓN GENERAL
campo de control de longitud fija 140829s2013####ag#a###j######001#0#spa#d
005 - FECHA Y HORA DE LA ÚLTIMA TRANSACCIÓN
campo de control 20241107184743.0
003 - IDENTIFICADOR DE NÚMERO DE CONTROL
campo de control AR-ClEAG
100 1# - ENTRADA PRINCIPAL--NOMBRE DE PERSONA
Nombre de persona Benedetti, Mario.
245 10 - MENCIÓN DEL TÍTULO
Título Acordes cotidianos /
Mención de responsabilidad, etc. Mario Benedetti.
250 ## - MENCION DE EDICION
Mención de edición 1ª ed. ; 2 reimp.
260 ## - PUBLICACIÓN, DISTRIBUCIÓN, ETC.
Lugar de publicación, distribución, etc. Buenos Aires :
Nombre del editor, distribuidor, etc. V&R,
Fecha de publicación, distribución, etc. 2013.
300 ## - DESCRIPCIÓN FÍSICA
Extensión 80 p. :
Otras características físicas il. col. ;
Dimensiones 21 cm.
653 ## - TÉRMINO DE INDIZACIÓN--NO CONTROLADO
Término no controlado Poesía Uruguaya
942 ## - ELEMENTOS DE ENTRADA SECUNDARIOS (KOHA)
Tipo de ítem Koha Libros
980 ## - EQUIVALENCIA O REFERENCIA-CRUZADA-MENCIÓN DE SERIE--NOMBRE DE PERSONA/TÍTULO [LOCAL, CANADÁ]
Enlace 2
Nombre de persona Evangelina Gallicchio
Enlace entre campo y número de secuencia 2
Información miscelánea Evangelina Gallicchio
Holdings
Estatus retirado Estado de pérdida Fuente del sistema de clasificación o colocación Estado de daño No para préstamo Biblioteca de origen Biblioteca actual Ubicación en estantería Fecha de adquisición Número de inventario Total de préstamos Signatura topográfica completa Código de barras Visto por última vez Precio de reemplazo Tipo de ítem Koha
    Clasificación decimal universal     Julio Cortázar Julio Cortázar   07/11/2024 4332   R20 82-1775 B38 4332 07/11/2024 07/11/2024 Libros

Contacto

Biblioteca Julio Cortázar. Escuela Agrotécnica "Libertador San Martín". Universidad Nacional de Rosario
Dirección: Ov. Lagos 1000 - 2170 Casilda - Santa Fe - Argentina
Tel: (54) (03464) 422226.
Fax: (54) (03464) 427789.
E-Mail: biblio-eac@unr.edu.ar